Województwa Polski według 3 miast - Statystyki

Ogólne statystyki
  • Ten quiz został rozwiązany 39 razy
  • Średni wynik to 15 z 16
Statystyki odpowiedzi
Miasta Województwo % Poprawnych
Puławy, Świdnik, Chełm Lubelskie
97%
Głogów, Bolesławiec, Bielawa Dolnośląskie
94%
Krynica-Zdrój, Brzesko, Zakopane Małopolskie
94%
Dębica, Sanok, Leżajsk Podkarpackie
94%
Tczew, Miastko, Wejherowo Pomorskie
94%
Rybnik, Będzin, Tychy Śląskie
94%
Giżycko, Iława, Szczytno Warmińsko-Mazurskie
94%
Zduńska Wola, Kutno, Rawa Mazowiecka Łódzkie
92%
Płońsk, Gostynin, Marki Mazowieckie
92%
Brzeg, Prudnik, Namysłów Opolskie
92%
Zambrów, Łapy, Łomża Podlaskie
92%
Busko-Zdrój, Starachowice, Opatów Świętokrzyskie
92%
Kalisz, Chodzież, Gostyń Wielkopolskie
92%
Darłowo, Złocieniec, Goleniów Zachodniopomorskie
92%
Inowrocław, Lipno, Żnin Kujawsko-Pomorskie
89%
Kostrzyn nad Odrą, Nowa Sól, Międzyrzecz Lubuskie
89%
Nie znaleziono quizów pasujących do podanych kryteriów
Rozkład punktacji
Procent ludzi z każdym wynikiem
Percentyl według liczby udzielonych odpowiedzi
Twoja historia wyników
Nie rozwiązałeś tego quizu